[Event "SVK-chT4 A22 1516"]
[Site "Slovakia"]
[Date "2015.11.22"]
[Round "4.4"]
[White "Jancik, Ondrej"]
[Black "Ganzova, Veronika"]
[Result "1/2-1/2"]
[WhiteElo "1664"]
[BlackElo "1702"]
[PlyCount "71"]
[EventDate "2015.10.04"]
[EventType "team-tourn"]
[EventRounds "11"]
[EventCountry "SVK"]
[SourceTitle "EXT 2020"]
[Source "ChessBase"]
[SourceDate "2019.10.17"]
[SourceVersion "1"]
[SourceVersionDate "2019.10.17"]
[SourceQuality "1"]

1. e4 e5 2. Nf3 Nc6 3. Bb5 a6 4. Ba4 Nf6 5. 0-0 d6 6. Re1 Be7 7. c3 b5 8. Bc2 0-0 9. d4 Bg4 10. Be3 d5 11. Nbd2 exd4 12. cxd4 dxe4 13. Nxe4 Qd5 14. Qd3 g6 15. Nxf6+ Bxf6 16. Qe4 Bxf3 17. gxf3 Ne7 18. Bb3 Qf5 19. Rac1 c6 20. Rc5 Qd7 21. Rd1 Rfe8 22. Qc2 Rac8 23. d5 cxd5 24. Bxd5 Rxc5 25. Qxc5 Nxd5 26. Rxd5 Qc8 27. b3 Qxc5 28. Rxc5 Re6 29. Bh6 Rd6 30. Rc8+ Bd8 31. Bf4 Rd1+ 32. Kg2 Kg7 33. Ra8 a5 34. Rc8 Be7 35. Ra8 Bd8 36. Rc8 1/2-1/2

[Event "EU-ch U16 Girls 25th"]
[Site "Porec"]
[Date "2015.09.30"]
[Round "9"]
[White "Ganzova, Veronika"]
[Black "Ajanovic, Berina"]
[Result "1-0"]
[WhiteElo "1696"]
[BlackElo "1324"]
[PlyCount "71"]
[EventDate "2015.09.21"]
[EventType "swiss"]
[EventRounds "9"]
[EventCountry "CRO"]
[SourceTitle "EXT 2016"]
[Source "ChessBase"]
[SourceDate "2015.10.08"]
[SourceVersion "1"]
[SourceVersionDate "2015.10.08"]
[SourceQuality "1"]

1. e4 c5 2. Nf3 Nc6 3. d4 cxd4 4. Nxd4 g6 5. Nc3 Bg7 6. Be3 Nf6 7. Be2 0-0 8. 0-0 d6 9. f4 Bd7 10. Qd2 a6 11. f5 Ne5 12. Kh1 Qc7 13. Bh6 b5 14. Qg5 Qb7 15. Rf4 Nh5 16. Bxh5 f6 17. Qg3 Bxh6 18. Rff1 Be8 19. Ne6 Kh8 20. Nxf8 Bxf8 21. Be2 Rc8 22. Rac1 Bc6 23. fxg6 Nxg6 24. Bg4 Rc7 25. Bf5 b4 26. Nd5 Bxd5 27. exd5 Kg7 28. Be6 Kh8 29. Qh3 Rc4 30. Rf5 Rh4 31. Qd3 Bh6 32. Rcf1 Bg5 33. g3 Rc4 34. Re1 Rc8 35. Rxg5 fxg5 36. Qd4+ 1-0